| 000 | 01744nam0a2200373 4500 | ||
|---|---|---|---|
| 001 | RU\NLR\BIBL_A\022522461 | ||
| 005 | 20250714150748.0 | ||
| 010 | _a978-5-6048753-7-7 | ||
| 021 |
_aRU _bКН-П-25-010351 _9КН-П-25-1050 |
||
| 035 | _a(NLR Aleph) 022522461 | ||
| 090 |
_a13452957 _c13452957 |
||
| 100 | _a20250415d2023 u y0rusy50 ca | ||
| 101 | 0 | _arus | |
| 102 | _aRU | ||
| 105 | _aa|||z|||000ay | ||
| 181 | 0 |
_ai _bxxxe |
|
| 182 | 0 | _an | |
| 200 | 1 |
_aАфоризмы, заметки, стихи. Мои и не мои _fД. К. Серов _g[рисунки авт.] |
|
| 203 |
_aТекст _bвизуальный _cнепосредственный |
||
| 205 | _a2-е изд., доп. и перераб. | ||
| 210 |
_aКрасноярск _cКрафт _d2023 |
||
| 215 |
_a133, [1] с. _cил. _d21 |
||
| 300 | _aНа 2-й с. в подписи: автор и составитель: Д. К. Над вып. дан. сост.: Комаров Д. В. | ||
| 309 | _aБез тит. л. Описано по обл. | ||
| 311 | _a1-е изд. вышло под назв. "Надрыв" | ||
| 327 | 1 | _aСодерж. разд.: Свои мысли, заметки ; Немного поэзии из своего ; Цитаты из не моего ; Прозаические заметки ; Умные мысли, умных людей 1–2 ; Из писем знаменитых ; Цитаты знаменитых и подзабытых [и др.] | |
| 488 | 0 | _12001#$aНадрыв | |
| 686 | 2 | _aШ6(2=Р)8я44 | |
| 700 | 1 |
_aСеров _bД. К. _f1968- _gДмитрий К. _3RU\NLR\AUTH\770281743 |
|
| 942 | _cBOOK | ||
| 980 | _aNB | ||